All Official Names of Armenia - Statistics

General Stats
  • This quiz has been taken 15 times
  • The average score is 6 of 13
Answer Stats
Years Names of Armenia % Correct
1918-1920 First Republic of Armenia
87%
1921 Republic of Mountainous Armenia
87%
1991- Second Republic of Armenia
87%
1920-1991 Armenian Soviet Socialist Republic
73%
1000-1261 Kingdom of Artsakh
67%
860BCE-590BCE Urartu
60%
884-1045 Bagratid Armenia
33%
12-428 Arsacid Dynasty
27%
1261-1603 Principality of Khachen
27%
189BCE-12CE Artaxiad Dynasty
20%
570BCE-200BCE Orontid Dynasty
20%
654-884 Ostikanate of Arminiya
20%
1603-1822 Five Melikdoms of Karabakh
13%
No matching quizzes found
Score Distribution
Percent of People with Each Score
Percentile by Number Answered
Your Score History
You have not taken this quiz